000
00343pab a2200145 454500
008
180718b1989 xxu||||| |||| 00| 0 eng d
100
_a
Roy Burman, B.K.
245
_a
Technology transfer to tribal areas
260
_c
1989
300
_a
23-7
362
_a
29 Jul.
650
_a
Technology Transfer
773
_a
Mainstream
909
_a
19796
999
_c
19796
_d
19796